LEADER 01298nam a2200277 i 4500 001 000000171544 003 CaOOAMICUS 005 20080508000000.0 008 080508s2008 it u000 u ita u 013 $a148975 020 $a978-88-7402-392-9 040 $aSeMil$bita 100 1 $aApeciti, Ennio,$c.$0(OLS)http://semarc/name/10867 245 10$a«Ecco la dimora di Dio con gli uomini» :$b(Ap 21,3) /$c[relazioni di] Ennio Apeciti ... [et al.] ; a cura di Francesco Pilloni. 260 $aCantalupa (TO) :$bEffatà,$c2008. 300 $a205 p. ;$c21 cm. 490 0 $aCollana di spiritualità e pastorale nuziale ;$v6 650 4$aChiesa - Mistero nuziale.$0(OLS)http://semarc/subject/32637 700 1 $aPilloni, Francesco,$d<1954- >.$0(OLS)http://semarc/name/55473 830 0$aCollana di spiritualità e pastorale nuziale ;$v6.$0(OLS)http://semarc/title/20456 850 $aSeMil 852 $aSeMil$W1$xVenegono$y1$m2E III 368$j122413$B122413$CSeMilBibl$Z2$F134013 $81 961 $aOmaggio: Paleari don Marco 996 $6020$a978-88-7402-392-9$9(OLS)http://semarc/number/158664 996 $6245$a«Ecco la dimora di Dio con gli uomini» :$b(Ap 21,3)$9(OLS)http://semarc/title/245423 996 $6260$aCantalupa (TO) :$bEffatà$9(OLS)http://semarc/publisher/32483 LEADER 01232nam a2200289 i 4500 001 000000069558 003 CaOOAMICUS 005 19990630000000.0 008 990630s1999 fr u000 u fre u 013 $a40730 020 $a2-204-06262-6 040 $aSeMil$bita 100 1 $aPseudo-Philo.$0(OLS)http://semarc/name/4825 245 10$aPrédications synagogales /$cPseudo-Philon ; traduction, notes et commentaire par Folker Siegert et Jacques de Roulet ... [et al.]. 260 $aParis :$bLes Éditions du Cerf,$c1999. 300 $a217 p. ;$c20 cm. 490 0 $aSources Chrétiennes ;$v435 500 $aContiene : Bibliographie. 700 1 $aRoulet, Jacques : de.$0(OLS)http://semarc/name/34684 700 1 $aSiegert, Folker.$0(OLS)http://semarc/name/34683 830 0$aSources chrétiennes ;$v435.$0(OLS)http://semarc/title/72 850 $aSeMil 852 $aSeMil$W1$xVenegono$y1$mSL1.T VIII 435$j35711$B35711$CSeMilBibl$Z2$F35714 $8I 961 $aSottoscrizione: Cerf (Éditions) 996 $6020$a2-204-06262-6$9(OLS)http://semarc/number/48130 996 $6245$aPrédications synagogales$9(OLS)http://semarc/title/111368 996 $6260$aParis :$bLes Éditions du Cerf$9(OLS)http://semarc/publisher/29611